Hart District Council v Benford and others (Record no. 76695)
[ view plain ]
| 000 -LEADER | |
|---|---|
| fixed length control field | 02153cab a2200229 4500 |
| 001 - CONTROL NUMBER | |
| control field | ##L132925 |
| 008 - FIXED-LENGTH DATA ELEMENTS--GENERAL INFORMATION | |
| fixed length control field | 060323n2006 000 0 eng u |
| 035 ## - SYSTEM CONTROL NUMBER | |
| System control number | (Sirsi) u132925 |
| 041 0# - LANGUAGE CODE | |
| Language code of text/sound track or separate title | eng |
| 245 00 - TITLE STATEMENT | |
| Title | Hart District Council v Benford and others |
| 260 ## - PUBLICATION, DISTRIBUTION, ETC. | |
| Date of publication, distribution, etc. | 2006 |
| 520 ## - SUMMARY, ETC. | |
| Summary, etc. | [2006] EWHC 240, 22 February 2006. Considers whether granting an injunction to restrain land owners from using their agricultural land for motorcycling activities would be appropriate where there was no evidence that the activities fell within the14-day permitted use rather than the 28-day permitted use under the Town and Country Planning (General Permitted Development) Order Sched 2 para B. H applied for an injunction under the Town and Country Planning Act 1990 s187B to prevent B using their agricultural land for motor cycling activities for more than the 14 days permitted by Sched 2 para B of the Order and to remove earth mounds built for these activities. H submitted that the injunction should be granted as B had exceeded and was likely to carry on exceeding the permitted use of the land and had also breached an enforcement notice by constructing the earth mounds. "Held": the granting of an injunction was inappropriate because the evidence did not support H's contention that the motorcycling activities fell within the14-day as opposed to 28-day permitted use. It would also not be just and proportionate on the evidence to remove the earth mounds at the instant stage. |
| 590 ## - LOCAL NOTE (RLIN) | |
| Local note | IKA280206 |
| 650 24 - SUBJECT ADDED ENTRY--TOPICAL TERM | |
| Topical term or geographic name entry element | TOWN AND COUNTRY PLANNING ACT 1990 S187(B) |
| 650 24 - SUBJECT ADDED ENTRY--TOPICAL TERM | |
| Topical term or geographic name entry element | TOWN AND COUNTRY PLANNING (GENERAL PERMITTED DEVELOPMENT) ORDER 1995 SCHED 2 PARA B2 |
| 650 24 - SUBJECT ADDED ENTRY--TOPICAL TERM | |
| Topical term or geographic name entry element | TOWN AND COUNTRY PLANNING (GENERAL PERMITTED DEVELOPMENT) ORDER 1995 SCHED 2 PART IV PARA B |
| 650 24 - SUBJECT ADDED ENTRY--TOPICAL TERM | |
| Topical term or geographic name entry element | TOWN AND COUNTRY PLANNING (GENERAL PERMITTED DEVELOPMENT) ORDER 1995 |
| 650 24 - SUBJECT ADDED ENTRY--TOPICAL TERM | |
| Topical term or geographic name entry element | HART DC V BENFORD AND OTHERS |
| 690 ## - LOCAL SUBJECT ADDED ENTRY--TOPICAL TERM (OCLC, RLIN) | |
| Topical term or geographic name as entry element | ENVIRONMENTAL AND LAND CONSULTANCY-PLANNING AND DEVELOPMENT-DEVELOPMENT CONTROL-PLANNING ENFORCEMENT |
| 856 40 - ELECTRONIC LOCATION AND ACCESS | |
| Uniform Resource Identifier | <a href="https://www.bailii.org/ew/cases/EWHC/QB/2006/240.html">https://www.bailii.org/ew/cases/EWHC/QB/2006/240.html</a> |
| Public note | View the judgment free of charge at www.bailii.org.... |
| 942 ## - ADDED ENTRY ELEMENTS (KOHA) | |
| Suppress in OPAC | 0 |
| Withdrawn status | Lost status | Source of classification or shelving scheme | Damaged status | Not for loan | Home library | Current library | Shelving location | Date acquired | Total Checkouts | Full call number | Barcode | Date last seen | Copy number | Price effective from | Koha item type |
|---|---|---|---|---|---|---|---|---|---|---|---|---|---|---|---|
| Dewey Decimal Classification | Virtual | Virtual | Online | 23/03/2006 | ONLINE PUBLICATION | 132925-2001 | 06/08/2019 | 1 | 06/08/2019 | Law report |